Adivinhe o artista com a letra - A - Statistics

Estatísticas Gerais
  • Esse quiz foi jogado 33 vezes
  • A pontuação média é 8 de 15
Estatísticas das Respostas
Dica País Ano de lançamento Resposta % Correto
Mamma mia/Dancing Queen Suécia 1975-1976 ABBA
87%
Não deixe o samba morrer Brasil 1975 Alcione
83%
Rolling in the deep/Skyfall Reino Unido 2010-2012 Adele
77%
Bang/São Paulo Brasil 2015-2024 Anitta
77%
Back to black/Rehab Reino Unido 2006 Amy Winehouse
73%
Black in black/Highway to hell Austrália 1980-1979 AC/DC
70%
thank u,next/7rings USA 2019 Ariana Grande
70%
Girlfriend/Complicated Canadá 2007-2002 Avril Lavigne
63%
Tropicana/flor de tangerina Brasil 1982-2002 Alceu Valença
60%
Secretaria/ amor pra valer Brasil 2001-1997 Amado Batista
47%
Ai amor/Pupila Brasil 2018-2019 Anavitoria
40%
Meu lugar/será que é amor Brasil 2007-2003 Arlindo Cruz
40%
Evelhecer/ A casa é sua Brasil 2014-2011 Arnaldo Antunes
20%
Alive/ Vale Vale Brasil 2020-2019 Alok
10%
Trem das onze/tiro ao álvaro Brasil 1960-1964 Adoriam Barbosa
3%
Nenhum quiz correspondente encontrado
Distribuição das Pontuações
Porcentagem de Pessoas com Cada Pontuação
Percentil de Números Respondidos
Sua Pontuação Histórica
Você não jogou esse quiz